000 00665nam a2200289Ia 4500
005 20260324150751.0
008 008 260324s9999 xx 000 0 eng d
020 _a9781315679815
037 _aEBOOK
040 _aCRL
040 _beng
040 _cCRL
041 _2eng
041 _aeng
084 _qCRL
100 _aChristopher Lloyd
_91067370
245 2 _aA Short History of the Royal Navy
245 0 _b1805-1918
260 _bTaylor and Francis
260 _c1942
365 _a
365 _b160
856 _uhttp://www.taylorfrancis.com/books/9781315679815
942 _cEBOOK
999 _c1837598
_d1837598